00742 2200253 4500001002100000005001700021008004100038020002200079035002500101040001200126082001600138090002000154100002100174245005800195260004300253300003700296504003100333650004000364700001800404850001200422990001800434990001800452990001800470INLIS00000000000397920150730131300.0  a978-602-17132-9-7 a0010-041500000001045 aYOPDYOG 223a321.803 aR 321.803 Ren K aRENATI W. Rosari aKamus PPKnc/ Renati W. Rosari; Editor, Eko Sujatmiko aSurakartabAksarra Sinergi Mediac2013 aviii, 376 hlm.b: ilusc; 21 cm. aBibliografi : hlm. 295-296 aPendidikan Kewarganegaraan -- Kamus aEKO Sujatmiko aYOPDYOG a11245-PD/B.15 a11246-PD/B.15 a11247-PD/B.15